|
|
|
|
| LEADER |
01293nam a2200313 a 4500 |
| 001 |
7586 |
| 003 |
BD-DhAAL |
| 005 |
20150305123713.0 |
| 008 |
150305s2007 caua b 001 0 eng |
| 010 |
|
|
|a 2007023342
|
| 020 |
|
|
|a 9780787996222 (pbk.)
|
| 020 |
|
|
|a 078799622X (pbk.)
|
| 040 |
|
|
|a DLC
|c DLC
|d YDX
|d BAKER
|d BTCTA
|d UKM
|d MEA
|d YDXCP
|d DLC
|d BD-DhAAL
|
| 050 |
0 |
0 |
|a RG525
|b .G7284 2007
|
| 082 |
0 |
0 |
|a 618.2
|2 22
|
| 100 |
1 |
|
|a Greene, Alan R.,
|d 1959-
|9 9107
|
| 245 |
1 |
0 |
|a Raising baby green :
|b the earth-friendly guide to pregnancy, childbirth, and baby care /
|c Alan Greene ; with Jeanette Pavini and Theresa Foy DiGeronimo ; illustrations by Val Lawton.
|
| 250 |
|
|
|a 1st ed.
|
| 260 |
|
|
|a San Francisco :
|b Jossey-Bass,
|c c2007.
|
| 300 |
|
|
|a viii, 306 p. :
|b ill. ;
|c 24 cm.
|
| 504 |
|
|
|a Includes bibliographical references and index.
|
| 541 |
|
|
|e 7586
|
| 650 |
|
0 |
|a Pregnant women
|x Health and hygiene.
|9 9108
|
| 650 |
|
0 |
|a Pregnancy
|x Environmental aspects.
|9 9109
|
| 650 |
|
0 |
|a Pregnancy
|x Nutritional aspects.
|9 9110
|
| 650 |
|
0 |
|a Infants
|x Care
|x Environmental aspects.
|9 9111
|
| 942 |
|
|
|2 ddc
|c BK
|
| 999 |
|
|
|c 33898
|d 33898
|
| 952 |
|
|
|0 0
|1 0
|2 ddc
|4 0
|6 618_200000000000000_GRE
|7 0
|9 52909
|a SCL
|b SCL
|c GEN
|d 2015-03-05
|e Gift: The Asia Foundation
|l 0
|o 618.2 GRE
|p 3020007586
|r 2015-03-05
|t 1
|w 2015-03-05
|y BK
|